00546nam a2200181Ia 450000500170000000800410001702000150005808200150007310000170008824500560010526000420016130000180020365000110022165000130023294200060024595200980025199900150034920240513055249.0240331s9999 xx 000 0 und d a8185163618 bSAHa331.6 aSahadevan, P 0aIndia and overseas Indians :bthe case of Sri Lanka aNew DelhibKalinga Publicationsc1995 avii, 319 p ., aSocial aEconomic cL 001040708LaWERCLbWERCLcSSCd2024-03-31l0o 331.68 SAHp5091r2024-03-31w2024-03-31yL c2689d2689